000 01370cam a2200361 a 4500
001 16770817
005 20170105102849.0
008 110217s2011 ii af g 001 0aeng d
010 _a 2011321814
020 _a9789380480800
020 _a9380480806
025 _aI-E-2011-321814; 61-92; 62-92
035 _a(OCoLC)ocn704229425
035 _a(OCoLC)704229425
037 _aLibrary of Congress -- New Delhi Overseas Office
040 _aDKAGE
_beng
_cDKAGE
_dDLC
042 _alccopycat
_alcode
043 _aa-ii---
050 0 0 _aDS481.G87
_bG85 2011
082 0 4 _a954.052092
_222
100 1 _aGujral, I. K.
_q(Inder Kumar),
_d1919-2012.
245 1 0 _aMatters of discretion :
_ban autobiography /
_cI.K. Gujral.
260 _aNew Delhi :
_bHay House Publishers (India),
_c2011.
300 _a519 p., [16] p. of plates :
_bill. (chiefly col.) ;
_c24 cm.
500 _aIncludes index.
505 0 _aPt. 1. Entry into the whirlpool of politics -- pt. 2. From politics to diplomacy -- pt. 3. Back in the whirlpool of politics -- pt. 4. My tensure as prime minister.
600 1 0 _aGujral, I. K.
_q(Inder Kumar),
_d1919-2012.
650 0 _aPrime ministers
_zIndia
_vBiography.
651 0 _aIndia
_xPolitics and government
_y1977-
906 _a7
_bcbc
_ccopycat
_d3
_encip
_f20
_gy-gencatlg
942 _2ddc
_cBK
999 _c14197
_d14197